=LDR 00000nam 2200000 4500 =001 INLIS000000000049297 =005 20211123013326 =035 ##$$a 0010-021700000000089 =008 211123###########################0#ind## =040 ##$$a NBPDMAT =082 ##$$a 370.19 =090 ##$$a 370.19 $bBah s =100 ##$$a Abu Ahmadi, Drs. H. =245 1#$$a Sosilogi pendidikan /$c Abu Ahmadi, Drs. H. =250 ##$$a Cet. 2 =260 ##$$a Jakarta :$b Rineka Cipta,$c 2004 =300 ##$$a 239 halaman ; $c 20 cm =500 ##$$a Bibliografi hlm : 265 - 271 =500 ##$$a Biografi hlm. : 273 =650 #4$$a Sosiologi Pendidikan =850 ##$$a NBPDMAT =020 ##$$a 979-518-050-9 =084 ##$$a 370.19 Abu s =990 ##$$a 239/46/2017 =990 ##$$a 239/46/2017 =990 ##$$a 239/46/2017 =990 ##$$a 239/46/2017 =990 ##$$a 239/46/2017 =990 ##$$a 3202103188